000
00301nam a22001337a 4500
008
180919b xxu||||| |||| 00| 0 eng d
020
_a
9780875813936
041
_a
eng
080
_a
159.9
100
_a
49
101
_a
PSI
245
_a
Case Studies in Psychotherapy
_c
Wedding, D
942
_2
udc
_c
BK
999
_c
48053
_d
48053